Prescriptive design of exterior concrete walls for one- and two-family dwellings.

Bibliographic Details
Corporate Author: Portland Cement Association. National Standards Development Committee
Format: Book
Language:English
Published: Skokie, Ill. : Portland Cement Association, [2007]
Series:Engineering bulletin (Skokie, Ill.) ; 560.
Subjects:

MARC

Tag First Indicator Second Indicator Subfields
LEADER 00000cam a2200000Ia 4500
001 in00002371981
005 20151109041356.0
008 080228s2007 ilu u 000 0 eng d
035 |a (OCoLC)ocn212374451 
035 |a (OCoLC)212374451 
040 |a QK7  |c QK7  |d TXA  |d UtOrBLW 
049 |a TXAM 
088 |a PCA 100-2007 
090 |a TA683.5.W34  |b P67 2007 
110 1 |a Portland Cement Association.  |b National Standards Development Committee. 
245 1 0 |a Prescriptive design of exterior concrete walls for one- and two-family dwellings. 
264 1 |a Skokie, Ill. :  |b Portland Cement Association,  |c [2007] 
264 4 |c ©2007 
300 |a 1 volume (various pagings) :  |b illustrations ;  |c 28 cm. 
336 |a text  |b txt  |2 rdacontent 
337 |a unmediated  |b n  |2 rdamedia 
338 |a volume  |b nc  |2 rdacarrier 
490 1 |a Engineering bulletin (Portland Cement Association) ;  |v 560 
500 |a "PCA 100-2007." 
650 0 |a Concrete walls  |x Design and construction  |x Standards. 
650 0 |a Concrete houses  |x Design and construction  |x Standards. 
830 0 |a Engineering bulletin (Skokie, Ill.) ;  |v 560. 
994 |a C0  |b TXA 
948 |a cataloged  |b h  |c 2008/3/26  |d c  |e blrosas  |f 9:16:24 am 
999 |a MARS 
999 f f |s 952f082a-8e8c-3cdd-8ff2-feddf98b3b7a  |i 2c0d3486-aa22-391f-afb6-16461c1bebc2  |t 0 
952 f f |p ric  |a Texas A&M University  |b Rellis Campus  |c Joint Library Facility  |d Remote Storage  |t 0  |e TA683.5.W34 P67 2007  |h Library of Congress classification  |i unmediated -- volume  |m A14837085698 
998 f f |a TA683.5.W34 P67 2007  |t 0  |l Remote Storage